000 01264cam a2200325 a 4500
001 14449933
003 ARRUPE
005 20140216020005.0
008 060713s2007 nyu b 001 0 eng
010 _a 2006023039
020 _a9780446579803
020 _a0446579807
035 _a(OCoLC)ocm70630426
040 _aDLC
_cDLC
_dBAKER
_dBTCTA
_dYDXCP
_dVPL
_dNSB
_dJED
_dC#P
_dDLC
050 0 0 _aBL2775.3
_b.H58 2007
082 0 0 _a200
_222
100 1 _aHitchens, Christopher.
_983
245 1 0 _aGod is not great :
_bhow religion poisons everything /
_cChristopher Hitchens.
250 _a1st ed.
260 _aNew York :
_bTwelve,
_c2007.
300 _a307 p. ;
_c24 cm.
520 _a"A case against religion and a description of the ways in which religion is man-made"--Provided by the publisher.
650 0 _aReligion
_vControversial literature.
_984
650 0 _aRationalism.
_985
856 4 2 _3Publisher description
_uhttp://www.loc.gov/catdir/enhancements/fy0654/2006023039-d.html
856 4 2 _3Contributor biographical information
_uhttp://www.loc.gov/catdir/enhancements/fy0742/2006023039-b.html
906 _a7
_bcbc
_corignew
_d1
_eecip
_f20
_gy-gencatlg
942 _2lcc
_cMONOGRAPH
_01
999 _c117768
_d117768